[Event "22ème Open de Saint-Affrique"]
[Site "Saint Affrique (12)"]
[Date "2014.07.25"]
[Round "8.30"]
[White "Raynal, Adrien"]
[Black "Clement, Olivier"]
[Result "1/2-1/2"]
[WhiteElo "1591"]
[BlackElo "2051"]
[PlyCount "83"]
[EventDate "2014.??.??"]
[Source "Sylvain Rivier"]
[SourceDate "2014.07.26"]

1. e4 c5 2. Nf3 Nc6 3. Bb5 g6 4. O-O Bg7 5. Nc3 e5 6. d3 Nge7 7. Be3 d6 8. h3
O-O 9. Bxc6 Nxc6 10. Nh2 Be6 11. f4 exf4 12. Bxf4 Nd4 13. Ne2 Nxe2+ 14. Qxe2
Bxb2 15. Rab1 Bd4+ 16. Kh1 Qd7 17. a3 Rac8 18. Nf3 Bg7 19. Qf2 Qe7 20. Ng5 Ba2
21. Rbe1 h6 22. Nf3 Be6 23. Qg3 Rfd8 24. e5 d5 25. Nh2 Rc6 26. Ng4 Bxg4 27.
Qxg4 Re6 28. h4 Re8 29. Qf3 d4 30. Rb1 Qxh4+ 31. Bh2 Bxe5 32. g3 Bxg3 33. Qxg3
Qe7 34. Qf3 b6 35. Rf2 Qd7 36. Rbf1 R8e7 37. Qf4 Qd5+ 38. Kg1 g5 39. Qb8+ Kg7
40. Rf5 Qd7 41. Be5+ Kg6 42. Qg8+ 1/2-1/2

[Event "22ème Open de Saint-Affrique"]
[Site "Saint Affrique (12)"]
[Date "2014.07.25"]
[Round "8.32"]
[White "Leblic, Pierre"]
[Black "Grimault, Nathan"]
[Result "0-1"]
[WhiteElo "1620"]
[BlackElo "1820"]
[PlyCount "43"]
[EventDate "2014.??.??"]
[Source "Sylvain Rivier"]
[SourceDate "2014.07.26"]

1. e4 g6 2. d4 Bg7 3. Nc3 d6 4. f4 Na6 5. Nf3 c5 6. d5 Nf6 7. Bb5+ Bd7 8. Bxd7+
Qxd7 9. O-O O-O 10. Qe2 Nc7 11. a4 e6 12. dxe6 Qxe6 13. Bd2 Rfe8 14. Rfe1 Re7
15. Ng5 Qd7 16. Qd3 h6 17. Nf3 Na6 18. Nd5 Nxd5 19. Qxd5 Rae8 20. a5 Qc6 21. c3
Rxe4 22. Qc4 0-1

[Event "22ème Open de Saint-Affrique"]
[Site "Saint Affrique (12)"]
[Date "2014.07.25"]
[Round "8.33"]
[White "Jackson, Edgar"]
[Black "Claisse, Patrick"]
[Result "1/2-1/2"]
[WhiteElo "1602"]
[BlackElo "1788"]
[PlyCount "96"]
[EventDate "2014.??.??"]
[Source "Sylvain Rivier"]
[SourceDate "2014.07.26"]

1. d4 Nf6 2. Bg5 e6 3. e4 Be7 4. Nd2 d5 5. e5 Nfd7 6. Bxe7 Qxe7 7. Qg4 O-O 8.
a3 b6 9. Bd3 Ba6 10. Bxa6 Nxa6 11. f4 f5 12. Qe2 Nab8 13. Ngf3 c5 14. c4 dxc4
15. Qxc4 cxd4 16. Nxd4 Re8 17. Nxf5 Qc5 18. Nd6 Qxc4 19. N2xc4 Rf8 20. O-O Nc6
21. Rad1 a6 22. b4 b5 23. Ne3 Nb6 24. Rf2 Rad8 25. g3 Ne7 26. Rc2 Nbc8 27. Rcd2
Nb6 28. Nb7 Rxd2 29. Rxd2 Ned5 30. Nxd5 Nxd5 31. Nc5 Kf7 32. Nxa6 Ra8 33. Nc5
Rxa3 34. f5 Nxb4 35. Nxe6 Ra1+ 36. Kf2 Ra2 37. Ng5+ Ke7 38. Ke2 h6 39. Ne4
Rxd2+ 40. Kxd2 Nc6 41. e6 Nd4 42. g4 Nf3+ 43. Kc3 Nxh2 44. Nf2 Nf1 45. Nd1 g6
46. Kb4 gxf5 47. gxf5 Ng3 48. Ne3 Nxf5 1/2-1/2

[Event "22ème Open de Saint-Affrique"]
[Site "Saint Affrique (12)"]
[Date "2014.07.25"]
[Round "8.34"]
[White "Degraeve, Thomas"]
[Black "Viguie, Serge"]
[Result "0-1"]
[WhiteElo "1559"]
[BlackElo "1783"]
[PlyCount "40"]
[EventDate "2014.??.??"]
[Source "Sylvain Rivier"]
[SourceDate "2014.07.26"]

1. d4 Nf6 2. c4 g6 3. Nc3 Bg7 4. Nf3 d5 5. Bf4 O-O 6. e3 c6 7. Qc2 dxc4 8. Bxc4
Nbd7 9. a3 Nb6 10. Bd3 Nbd5 11. Nxd5 Nxd5 12. Bg3 Qa5+ 13. Nd2 Nb4 14. Qb3
Nxd3+ 15. Qxd3 Qd5 16. O-O c5 17. Qb5 b6 18. Nf3 Bd7 19. Qd3 cxd4 20. e4 Bb5
0-1

[Event "22ème Open de Saint-Affrique"]
[Site "Saint Affrique (12)"]
[Date "2014.07.25"]
[Round "8.35"]
[White "Degraeve, Remy"]
[Black "Vidal, Frederic"]
[Result "0-1"]
[WhiteElo "1537"]
[BlackElo "1749"]
[PlyCount "34"]
[EventDate "2014.??.??"]
[Source "Sylvain Rivier"]
[SourceDate "2014.07.26"]

1. e4 d5 2. exd5 Nf6 3. d3 Qxd5 4. Nc3 Qa5 5. g3 Bg4 6. Nf3 Nc6 7. h3 Bxf3 8.
Qxf3 Nd4 9. Qd1 O-O-O 10. Bg2 e6 11. O-O Bd6 12. Be3 Nf5 13. Bd2 Qb6 14. a4
Nxg3 15. a5 Qc5 16. Be3 Qe5 17. d4 Ne2+ 0-1

[Event "22ème Open de Saint-Affrique"]
[Site "Saint Affrique (12)"]
[Date "2014.07.25"]
[Round "8.36"]
[White "Joyeux, Gerard"]
[Black "Espiau Dubois, Louis"]
[Result "1-0"]
[WhiteElo "1692"]
[BlackElo "1577"]
[PlyCount "89"]
[EventDate "2014.??.??"]
[Source "Sylvain Rivier"]
[SourceDate "2014.07.26"]

1. d4 Nf6 2. Nc3 d6 3. e4 g6 4. Bg5 Nbd7 5. Qd2 Bg7 6. Bh6 O-O 7. Bxg7 Kxg7 8.
h4 h5 9. Be2 e5 10. g4 Rh8 11. gxh5 Nxh5 12. dxe5 Nxe5 13. O-O-O Be6 14. Nf3
Qf6 15. Ng5 Qf4 16. Nxe6+ fxe6 17. Nb5 Qxd2+ 18. Rxd2 Rhc8 19. Bxh5 gxh5 20.
Nd4 Kf6 21. Rdd1 Ng4 22. Rhg1 Ke5 23. f3 Nf6 24. Rg5+ Kf4 25. Nxe6+ Ke3 26.
Rd3+ Kf2 27. Nf4 Rg8 28. Nh3+ Ke2 29. Nf4+ Kf2 30. Kd2 Raf8 31. Nh3+ Kf1 32.
Ke3 Rxg5 33. hxg5 Kg2 34. Nf4+ Kh2 35. gxf6 Rxf6 36. Rd2+ Kg1 37. Nxh5 Rh6 38.
Nf4 Rh4 39. Nd5 c6 40. Ne7 Rh5 41. c4 Re5 42. Ng6 Re6 43. Nf4 Rf6 44. Rg2+ Kf1
45. Rg6 1-0

[Event "22ème Open de Saint-Affrique"]
[Site "Saint Affrique (12)"]
[Date "2014.07.25"]
[Round "8.37"]
[White "Pont, Frederic"]
[Black "Guerzeder, Thomas"]
[Result "0-1"]
[WhiteElo "1527"]
[BlackElo "1652"]
[PlyCount "116"]
[EventDate "2014.??.??"]
[Source "Sylvain Rivier"]
[SourceDate "2014.07.26"]

1. e4 c5 2. Nf3 Nc6 3. d4 cxd4 4. Nxd4 g6 5. Nc3 Bg7 6. Be3 Nf6 7. f3 O-O 8.
Qd2 d5 9. O-O-O dxe4 10. Nxc6 Qxd2+ 11. Rxd2 bxc6 12. Nxe4 Nd5 13. Bg5 f6 14.
Bh4 Bh6 15. Bc4 Bxd2+ 16. Kxd2 Kg7 17. Nc5 Rd8 18. Kc1 Ne3 19. Bb3 Nxg2 20. Bg3
e5 21. Be6 Ne3 22. h4 Nf5 23. Be1 a5 24. h5 Nd4 25. h6+ Kf8 26. Bc4 Ke7 27. b4
Be6 28. Bd3 f5 29. Bh4+ Ke8 30. Bxd8 Rxd8 31. Nxe6 Nxe6 32. bxa5 Nd4 33. Rh3
Ke7 34. Kb2 Kd6 35. c3 Ne6 36. Rh1 Nf4 37. Bc4 Kc5 38. Bb3 Kb5 39. a6 Kxa6 40.
Bc4+ Kb6 41. Re1 Kc5 42. Bf1 Rd2+ 43. Kb3 Rh2 44. Rxe5+ Kd6 45. Re1 Rxh6 46. a4
Rh1 47. a5 Ne6 48. a6 Nc5+ 49. Kb4 Nxa6+ 50. Ka5 Nc7 51. Rd1+ Kc5 52. Re1 Rh2
53. Be2 Nd5 54. Bd1 Ra2+ 55. Ba4 Nxc3 56. Re5+ Kd6 57. f4 Rxa4+ 58. Kb6 Rxf4
0-1

[Event "22ème Open de Saint-Affrique"]
[Site "Saint Affrique (12)"]
[Date "2014.07.25"]
[Round "8.38"]
[White "Petit, Jimmy"]
[Black "Blanchon, Pascal"]
[Result "1/2-1/2"]
[WhiteElo "1459"]
[BlackElo "1637"]
[PlyCount "85"]
[EventDate "2014.??.??"]
[Source "Sylvain Rivier"]
[SourceDate "2014.07.26"]

1. Nf3 Nf6 2. d4 g6 3. c4 Bg7 4. Nc3 d5 5. Bg5 c6 6. cxd5 cxd5 7. e3 Nc6 8. Bd3
b6 9. O-O O-O 10. a3 Bb7 11. Re1 Rc8 12. Rc1 Qd7 13. h3 e6 14. Bf4 a6 15. Ne2
Ne4 16. Ng3 f5 17. Be2 h6 18. Nxe4 dxe4 19. Nd2 Kh7 20. Nc4 Qf7 21. Nd6 Qd7 22.
Nxc8 Rxc8 23. b4 g5 24. Bh2 Kg6 25. Bh5+ Kf6 26. Be5+ Nxe5 27. dxe5+ Ke7 28.
Qxd7+ Kxd7 29. Red1+ Ke7 30. Rxc8 Bxc8 31. Rd6 b5 32. Rc6 Bd7 33. Rc5 Bf8 34.
f3 exf3 35. Bxf3 Kd8 36. Rc3 Bg7 37. Bc6 Bc8 38. Rd3+ Kc7 39. Bf3 Bxe5 40. g4
Bd6 41. gxf5 exf5 42. Kg2 Be5 43. Rd2 1/2-1/2

[Event "22ème Open de Saint-Affrique"]
[Site "Saint Affrique (12)"]
[Date "2014.07.25"]
[Round "8.39"]
[White "Meyer, Bernard"]
[Black "Lecoultre, Patrick"]
[Result "0-1"]
[WhiteElo "1397"]
[BlackElo "1702"]
[PlyCount "102"]
[EventDate "2014.??.??"]
[Source "Sylvain Rivier"]
[SourceDate "2014.07.26"]

1. d4 Nf6 2. c4 c5 3. e3 cxd4 4. exd4 g6 5. Nc3 Bg7 6. Nf3 d5 7. Bg5 dxc4 8.
Bxc4 O-O 9. O-O Nbd7 10. Qd2 Nb6 11. Be2 Nbd5 12. Rac1 Qb6 13. Rfd1 Bf5 14. Bd3
Bg4 15. Be2 e6 16. h3 Bxf3 17. Bxf3 Rad8 18. Nxd5 exd5 19. b3 Rd7 20. Rc3 Re8
21. Qc2 h6 22. Be3 Ne4 23. Rc8 Rdd8 24. Rxd8 Qxd8 25. Bxe4 Rxe4 26. Qc1 Kh7 27.
a4 Qb6 28. Qc3 f5 29. b4 f4 30. a5 Qf6 31. Bc1 Rxd4 32. Rxd4 Qxd4 33. Qxd4 Bxd4
34. Bxf4 Kg7 35. b5 a6 36. bxa6 bxa6 37. Kf1 Bc3 38. Bc7 Kf6 39. Ke2 Kf5 40.
Kd3 Be1 41. f3 h5 42. Kd4 Ke6 43. g4 Bf2+ 44. Kd3 hxg4 45. hxg4 Kd7 46. Bb6
Bxb6 47. axb6 Kc6 48. Kd4 Kxb6 49. Kxd5 a5 50. Kc4 g5 51. Kd3 Kb5 0-1

[Event "22ème Open de Saint-Affrique"]
[Site "Saint Affrique (12)"]
[Date "2014.07.25"]
[Round "8.40"]
[White "Aubry, Fabien"]
[Black "Casasnovas, Vincent"]
[Result "1-0"]
[WhiteElo "1884"]
[BlackElo "1562"]
[PlyCount "77"]
[EventDate "2014.??.??"]
[Source "Sylvain Rivier"]
[SourceDate "2014.07.26"]

1. d4 d6 2. Nf3 Bg4 3. c4 Bxf3 4. exf3 c6 5. Be3 Nf6 6. Nc3 e6 7. Bd3 Nbd7 8.
O-O Be7 9. Re1 O-O 10. Qc2 Re8 11. Rad1 Qc7 12. Bg5 a6 13. a4 d5 14. c5 b6 15.
b4 bxc5 16. bxc5 a5 17. Bh4 Rab8 18. Bg3 Qb7 19. Rb1 Qa7 20. Bxb8 Nxb8 21. f4
Na6 22. Na2 Nc7 23. Rb6 Qa8 24. Reb1 Rc8 25. Nc3 g6 26. Qb2 Nd7 27. Rb7 Bd8 28.
g3 Kg7 29. Ne2 f5 30. Kg2 h5 31. Ng1 Bf6 32. Qc3 Kf7 33. Nf3 Ke7 34. Ne5 Bxe5
35. fxe5 Kd8 36. Qd2 Nf8 37. Qh6 Ke8 38. Qg7 Nd7 39. Qxg6+ 1-0

[Event "22ème Open de Saint-Affrique"]
[Site "Saint Affrique (12)"]
[Date "2014.07.25"]
[Round "8.41"]
[White "Costa, Anthony"]
[Black "Guerin, Tristan"]
[Result "1-0"]
[WhiteElo "1764"]
[BlackElo "1417"]
[PlyCount "121"]
[EventDate "2014.??.??"]
[Source "Sylvain Rivier"]
[SourceDate "2014.07.26"]

1. e4 c5 2. Nf3 d6 3. d4 cxd4 4. Nxd4 Nf6 5. Nc3 g6 6. Be3 Bg7 7. Qd2 O-O 8. f3
Nc6 9. Be2 d5 10. exd5 Nxd5 11. Nxd5 Qxd5 12. Nxc6 Qxc6 13. c3 Bf5 14. O-O Rfd8
15. Qe1 Qe6 16. Qf2 b6 17. Bd1 Qd6 18. Bb3 Rac8 19. Rad1 Qc7 20. Qe2 e5 21.
Rxd8+ Rxd8 22. Rd1 Rxd1+ 23. Qxd1 e4 24. Qd5 exf3 25. Qa8+ Bf8 26. Qxf3 Bd6 27.
Qa8+ Qb8 28. Qxb8+ Bxb8 29. Bd5 Be5 30. a4 Kg7 31. a5 Bc7 32. axb6 axb6 33. Kf2
b5 34. Bd4+ f6 35. h3 Bd3 36. Ke3 Bc4 37. Bxc4 bxc4 38. Bc5 Be5 39. Ke4 Kf7 40.
Kd5 Ke8 41. Kxc4 Kd7 42. b4 Kc7 43. Bd4 Kd6 44. Bxe5+ fxe5 45. b5 Kc7 46. Kd5
Kb6 47. c4 e4 48. Kxe4 h6 49. Ke5 Kc5 50. Kf6 g5 51. Kg6 g4 52. hxg4 h5 53.
gxh5 Kb6 54. h6 Kc5 55. h7 Kb6 56. h8=Q Kc5 57. Qc8+ Kb6 58. Qc6+ Ka7 59. b6+
Kb8 60. Qc7+ Ka8 61. Qa7# 1-0

[Event "22ème Open de Saint-Affrique"]
[Site "Saint Affrique (12)"]
[Date "2014.07.25"]
[Round "8.42"]
[White "Jackson, Thomas"]
[Black "Brin-Vervat, Emma"]
[Result "1-0"]
[WhiteElo "1694"]
[BlackElo "1541"]
[PlyCount "102"]
[EventDate "2014.??.??"]
[Source "Sylvain Rivier"]
[SourceDate "2014.07.26"]

1. d4 Nf6 2. Bg5 Ne4 3. Bf4 d5 4. Nd2 Bf5 5. e3 Nxd2 6. Qxd2 e6 7. Nf3 Nd7 8.
Be2 Be7 9. O-O O-O 10. c4 h6 11. Rfc1 dxc4 12. Bxc4 c6 13. a3 Nb6 14. Bb3 Nd5
15. Bg3 Nf6 16. Qe2 Rc8 17. h3 c5 18. Qb5 Qd7 19. Qxd7 Nxd7 20. d5 exd5 21.
Bxd5 b6 22. e4 Be6 23. Bxe6 fxe6 24. Ne1 Bf6 25. Rab1 Nb8 26. b3 Nc6 27. Nc2
Rcd8 28. Rd1 Nd4 29. Nxd4 Bxd4 30. Kf1 Rd7 31. f3 Rfd8 32. Ke2 Bf6 33. a4 Rxd1
34. Rxd1 Rxd1 35. Kxd1 Bd8 36. Kd2 Kf7 37. Kd3 a6 38. Kc4 Ke7 39. a5 Kd7 40.
axb6 Bxb6 41. Be5 g6 42. g4 h5 43. gxh5 gxh5 44. f4 Kc6 45. f5 exf5 46. exf5
Bd8 47. f6 a5 48. f7 Be7 49. Bg7 Kd7 50. f8=Q Bxf8 51. Bxf8 Kc6 1-0

[Event "22ème Open de Saint-Affrique"]
[Site "Saint Affrique (12)"]
[Date "2014.07.25"]
[Round "8.43"]
[White "Fosse, Jean-Claude"]
[Black "Noireaut, Hoan"]
[Result "0-1"]
[WhiteElo "1465"]
[BlackElo "1674"]
[PlyCount "51"]
[EventDate "2014.??.??"]
[Source "Sylvain Rivier"]
[SourceDate "2014.07.26"]

1. e4 d6 2. d4 Nf6 3. Nc3 g6 4. Nf3 Bg7 5. Be3 Nbd7 6. Qd2 Ng4 7. Bg5 h6 8. Bh4
c5 9. h3 cxd4 10. Nxd4 Ngf6 11. Bd3 a6 12. a4 Qa5 13. Bg3 Nh5 14. Nb3 Qd8 15.
Bh2 O-O 16. O-O b6 17. f4 Nc5 18. Nxc5 bxc5 19. Rab1 Bb7 20. Qe1 Qb6 21. Kh1
Rac8 22. Nd5 Bxd5 23. exd5 Rc7 24. c3 Nf6 25. Be4 Qb3 26. Bc2 0-1

[Event "22ème Open de Saint-Affrique"]
[Site "Saint Affrique (12)"]
[Date "2014.07.25"]
[Round "8.44"]
[White "Boulier, Rene"]
[Black "Zachary, Bastian"]
[Result "1-0"]
[WhiteElo "1651"]
[BlackElo "1360"]
[PlyCount "97"]
[EventDate "2014.??.??"]
[Source "Sylvain Rivier"]
[SourceDate "2014.07.26"]

1. d4 d5 2. c4 e6 3. Nc3 Nf6 4. a3 Be7 5. Bf4 a6 6. e3 O-O 7. Bd3 Nc6 8. b4 Na7
9. Nf3 c6 10. c5 b5 11. a4 Bd7 12. Ne5 Ne8 13. axb5 axb5 14. O-O f6 15. Qh5 g6
16. Nxg6 Rf7 17. Nxe7+ Qxe7 18. Ra5 f5 19. Rfa1 Nf6 20. Qh3 Bc8 21. Rxa7 Rxa7
22. Rxa7 Qxa7 23. Bf1 Qa1 24. Ne2 Ne4 25. Be5 Rg7 26. Bxg7 Kxg7 27. Nf4 Nd2 28.
g3 Nxf1 29. Qxf1 Qxf1+ 30. Kxf1 Bd7 31. f3 Kf6 32. Nd3 h5 33. h4 Be8 34. Ne5
Kg7 35. Kg2 Kf6 36. Nd3 Bd7 37. Kh3 Kg7 38. Ne5 Be8 39. g4 Kf6 40. g5+ Kg7 41.
Kg3 Kg8 42. Nd3 Kg7 43. Kf4 Kf7 44. Ke5 Ke7 45. Nf4 Bf7 46. g6 Be8 47. g7 Bf7
48. Nxh5 Kd7 49. Nf6+ 1-0

[Event "22ème Open de Saint-Affrique"]
[Site "Saint Affrique (12)"]
[Date "2014.07.25"]
[Round "8.45"]
[White "Bernard, Anthony"]
[Black "Fabre, Jean-Michel"]
[Result "1-0"]
[WhiteElo "1636"]
[BlackElo "1337"]
[PlyCount "71"]
[EventDate "2014.??.??"]
[Source "Sylvain Rivier"]
[SourceDate "2014.07.26"]

1. e4 e5 2. Nf3 Nc6 3. Bc4 b6 4. O-O Nf6 5. d3 Bc5 6. a3 O-O 7. Nc3 d6 8. h3 a6
9. Be3 Nd4 10. Nd5 c6 11. Nxf6+ Qxf6 12. Nh2 Be6 13. c3 Bxc4 14. Ng4 Qe6 15.
cxd4 exd4 16. Bf4 Bb3 17. Qf3 d5 18. e5 Be7 19. a4 h5 20. Nh2 Qf5 21. Rfc1 Bg5
22. Bxg5 Qxg5 23. Qe2 Rfe8 24. Nf3 Qf5 25. Ra3 f6 26. Nxd4 Qf4 27. Nxb3 Rxe5
28. Qd2 Qf5 29. Nd4 Qd7 30. Nf3 Re6 31. Re1 Rd6 32. d4 Re8 33. Rae3 c5 34. dxc5
Rc6 35. Re7 Qf5 36. Nd4 1-0

[Event "22ème Open de Saint-Affrique"]
[Site "Saint Affrique (12)"]
[Date "2014.07.25"]
[Round "8.46"]
[White "Boyd, Christopher"]
[Black "Marie, Olivier"]
[Result "0-1"]
[WhiteElo "1367"]
[BlackElo "1633"]
[PlyCount "62"]
[EventDate "2014.??.??"]
[Source "Sylvain Rivier"]
[SourceDate "2014.07.26"]

1. c4 Nf6 2. g3 e5 3. Bg2 Bc5 4. Nc3 O-O 5. a3 Re8 6. e3 c6 7. Nge2 Na6 8. O-O
Nc7 9. d4 Bf8 10. dxe5 Rxe5 11. f4 Re8 12. b4 d6 13. e4 Qe7 14. f5 a5 15. bxa5
Rxa5 16. Be3 Ra8 17. Nd4 Na6 18. g4 Nc5 19. Rf4 d5 20. cxd5 cxd5 21. Qc2 Bd7
22. Bf2 dxe4 23. Bh4 Qd6 24. Nde2 Qd3 25. Bxe4 Nfxe4 26. Qxd3 Nxd3 27. Rxe4
Bc5+ 28. Kf1 Rxe4 29. Nxe4 Bxa3 30. Nd6 b5 31. Nd4 b4 {suite illisible} 0-1

[Event "22ème Open de Saint-Affrique"]
[Site "Saint Affrique (12)"]
[Date "2014.07.25"]
[Round "8.47"]
[White "Esclafit, Pierre"]
[Black "Grimault, Lou"]
[Result "1-0"]
[WhiteElo "1629"]
[BlackElo "1317"]
[PlyCount "63"]
[EventDate "2014.??.??"]
[Source "Sylvain Rivier"]
[SourceDate "2014.07.26"]

1. d4 d5 2. Bf4 Nc6 3. Nf3 Nf6 4. e3 a6 5. Nbd2 Bf5 6. Be2 e6 7. Nh4 Bg6 8.
Nxg6 hxg6 9. h3 Bd6 10. Bg5 Qd7 11. c4 Bb4 12. Bxf6 gxf6 13. a3 Bxd2+ 14. Qxd2
O-O-O 15. c5 e5 16. b4 Ne7 17. a4 Kb8 18. b5 axb5 19. axb5 Qe6 20. Qa5 Kc8 21.
Qa8+ Kd7 22. Qxb7 Ke8 23. Qxc7 Rc8 24. Qb7 Kf8 25. Ra7 Re8 26. b6 Kg7 27. Bb5
Nc8 28. Bxe8 Nxa7 29. Bd7 Qe7 30. Qxa7 Rd8 31. Bc6 Qxa7 32. bxa7 1-0

[Event "22ème Open de Saint-Affrique"]
[Site "Saint Affrique (12)"]
[Date "2014.07.25"]
[Round "8.48"]
[White "Galy, Christian"]
[Black "Meyer, Eric"]
[Result "0-1"]
[WhiteElo "1314"]
[BlackElo "1622"]
[PlyCount "59"]
[EventDate "2014.??.??"]
[Source "Sylvain Rivier"]
[SourceDate "2014.07.26"]

1. d4 Nf6 2. Nf3 e6 3. Bg5 d5 4. e3 Nbd7 5. Bd3 h6 6. Bxf6 Qxf6 7. Nbd2 c6 8.
c3 Bd6 9. e4 e5 10. Qc2 O-O 11. O-O exd4 12. cxd4 Be7 13. e5 Qf4 14. Rfe1 Nb6
15. Re3 Qg4 16. h3 Qe6 17. Nh2 Bg5 18. Rg3 Qe7 19. Be2 Bf4 20. Rb3 Nd7 21. Ndf3
Bxh2+ 22. Nxh2 c5 23. Rd1 cxd4 24. Qc7 Re8 25. Rxd4 Nxe5 26. Qxe7 Rxe7 27. Nf3
Nxf3+ 28. Bxf3 Rb8 29. Rb5 b6 30. Rbxd5 {suite illisible} 0-1

[Event "22ème Open de Saint-Affrique"]
[Site "Saint Affrique (12)"]
[Date "2014.07.25"]
[Round "8.49"]
[White "Leost, Joel"]
[Black "Denechaud, Bernard"]
[Result "0-1"]
[WhiteElo "1445"]
[BlackElo "1596"]
[PlyCount "64"]
[EventDate "2014.??.??"]
[Source "Sylvain Rivier"]
[SourceDate "2014.07.26"]

1. e4 e6 2. d4 d5 3. exd5 exd5 4. Nf3 Bd6 5. Nc3 Ne7 6. Bg5 f6 7. Bh4 Bf5 8.
Bg3 O-O 9. Bd3 Bxd3 10. Qxd3 Nbc6 11. a3 a6 12. h4 Qd7 13. Bxd6 Qxd6 14. Ne2
Rae8 15. O-O-O Na5 16. h5 Nc4 17. g4 Qb6 18. Qb3 Qe6 19. Qd3 Qxg4 20. Rdg1 Qf5
21. Qc3 Nc6 22. Re1 Re7 23. Ng3 Qf4+ 24. Kb1 Rxe1+ 25. Rxe1 Qxf3 26. Re3 Nxe3
27. Qxe3 Qxe3 28. fxe3 Re8 29. Nf5 g6 30. hxg6 hxg6 31. Nh6+ Kg7 32. Ng4 f5 0-1

[Event "22ème Open de Saint-Affrique"]
[Site "Saint Affrique (12)"]
[Date "2014.07.25"]
[Round "8.50"]
[White "Grimault, Stephanie"]
[Black "Lalot, Hugues"]
[Result "0-1"]
[WhiteElo "1274"]
[BlackElo "1573"]
[PlyCount "42"]
[EventDate "2014.??.??"]
[Source "Sylvain Rivier"]
[SourceDate "2014.07.26"]

1. Nf3 Nf6 2. b3 g6 3. Bb2 Bg7 4. e3 c5 5. Be2 Nc6 6. h3 d6 7. a3 Bf5 8. O-O
O-O 9. Bb5 Qc7 10. d4 cxd4 11. Nxd4 Nxd4 12. Qxd4 Ne8 13. Qc4 Bxb2 14. Ra2 Bg7
15. Qe2 Qb6 16. a4 a6 17. a5 Qxb5 18. Qxb5 axb5 19. Nd2 Nc7 20. e4 Be6 21. Re1
Bc3 0-1

[Event "22ème Open de Saint-Affrique"]
[Site "Saint Affrique (12)"]
[Date "2014.07.25"]
[Round "8.52"]
[White "Cellier-Valencia, Baptiste"]
[Black "De Muyser, Xavier"]
[Result "0-1"]
[WhiteElo "1347"]
[BlackElo "1723"]
[PlyCount "142"]
[EventDate "2014.??.??"]
[Source "Sylvain Rivier"]
[SourceDate "2014.07.26"]

1. d4 g6 2. e4 d6 3. Bc4 Nf6 4. Nc3 Bg7 5. Nf3 Bg4 6. Be3 Nc6 7. h3 Bd7 8. e5
dxe5 9. dxe5 Ng8 10. Bf4 e6 11. Qd2 Qe7 12. O-O Qc5 13. Bb5 a6 14. Rad1 Rd8 15.
Bxc6 Qxc6 16. Nd4 Qc5 17. Nb3 Qe7 18. Rfe1 Bc6 19. Qe3 Rxd1 20. Rxd1 Qb4 21.
Rd4 Qe7 22. Qd2 f6 23. exf6 Bxf6 24. Rd3 g5 25. Be3 b6 26. Nd4 Bb7 27. Qe2 h5
28. Nf3 g4 29. hxg4 hxg4 30. Nh2 g3 31. Ng4 Qh7 32. Bh6 Qf5 33. Be3 gxf2+ 34.
Bxf2 Be7 35. Bd4 Rh4 36. Nf2 Qf4 37. g3 Qg5 38. Qxe6 Rh6 39. Qc4 c5 40. Nce4
Bxe4 41. Nxe4 Qc1+ 42. Kf2 Rh2+ 43. Kf3 Qh1+ 44. Kf4 Qf1+ 45. Nf2 Rxf2+ 46.
Bxf2 Qxf2+ 47. Rf3 Qd2+ 48. Ke4 Nf6+ 49. Rxf6 Qe1+ 50. Kd3 Qxg3+ 51. Kd2 Bxf6
52. Qe6+ Be7 53. Qxb6 Qd6+ 54. Qxd6 Bxd6 55. Kc3 Kd7 56. Kc4 Kc6 57. c3 a5 58.
a3 a4 59. b3 axb3 60. Kxb3 Kb5 61. c4+ Ka5 62. a4 Bg3 63. Kc3 Kxa4 64. Kc2 Bf2
65. Kd3 Kb3 66. Ke2 Kxc4 67. Kxf2 Kd3 68. Ke1 Kc2 69. Ke2 c4 70. Ke1 c3 71. Ke2
Kc1 0-1

[Event "22ème Open de Saint-Affrique"]
[Site "Saint Affrique (12)"]
[Date "2014.07.25"]
[Round "8.53"]
[White "Achard-Rozan, Celian"]
[Black "Dubertrand, Bernard"]
[Result "0-1"]
[WhiteElo "1330"]
[BlackElo "1647"]
[PlyCount "64"]
[EventDate "2014.??.??"]
[Source "Sylvain Rivier"]
[SourceDate "2014.07.26"]

1. e4 e5 2. Nf3 Nc6 3. d4 exd4 4. Nxd4 Ne5 5. f4 Ng6 6. Nc3 c6 7. Be3 Bb4 8.
Qd2 Nf6 9. Bd3 Ng4 10. Nde2 Qh4+ 11. g3 Qh5 12. O-O-O Qa5 13. h3 Nxe3 14. Qxe3
d6 15. a3 Bc5 16. Qd2 Ne7 17. Bc4 b5 18. Bb3 Qb6 19. Nd4 Qa6 20. Na2 Qb6 21.
Qc3 a5 22. Nf5 Nxf5 23. exf5 O-O 24. a4 Bxf5 25. g4 Be4 26. Rhe1 d5 27. h4 Bf2
28. Re2 d4 29. Qh3 Be3+ 30. Kb1 c5 31. Nc1 Rab8 32. Nd3 c4 0-1

[Event "22ème Open de Saint-Affrique"]
[Site "Saint Affrique (12)"]
[Date "2014.07.25"]
[Round "8.54"]
[White "Durand, Joris"]
[Black "Libiszewski, Christian"]
[Result "0-1"]
[WhiteElo "1330"]
[BlackElo "1640"]
[PlyCount "102"]
[EventDate "2014.??.??"]
[Source "Sylvain Rivier"]
[SourceDate "2014.07.26"]

1. e4 e6 2. d4 d5 3. e5 c5 4. Nf3 Nc6 5. Be3 Qb6 6. b3 cxd4 7. Nxd4 Bc5 8. c3
Nxe5 9. b4 Be7 10. Nf5 Qc7 11. Bd4 exf5 12. f4 Bd6 13. fxe5 Bxe5 14. Bb5+ Bd7
15. Bxd7+ Kxd7 16. g3 Nf6 17. O-O g6 18. c4 Bxd4+ 19. Qxd4 Qd6 20. Rf4 Rhe8 21.
Nc3 Ne4 22. Nxd5 b6 23. Rxe4 Rxe4 24. Nf6+ Kc7 25. Qxd6+ Kxd6 26. Nxe4+ fxe4
27. Rd1+ Ke6 28. Rd4 f5 29. g4 Rc8 30. gxf5+ gxf5 31. a4 Rc6 32. a5 Rd6 33.
Rxd6+ Kxd6 34. Kf2 bxa5 35. c5+ Kc6 36. bxa5 Kxc5 37. Ke3 Kb5 38. Kf4 Kxa5 39.
h4 Kb4 40. h5 h6 41. Kxf5 e3 42. Kg6 e2 43. Kxh6 e1=Q 44. Kg6 a5 45. h6 a4 46.
h7 Qh4 47. Kg7 Qg5+ 48. Kh8 Qh6 49. Kg8 a3 50. h8=Q Qxh8+ 51. Kxh8 a2 0-1

[Event "22ème Open de Saint-Affrique"]
[Site "Saint Affrique (12)"]
[Date "2014.07.25"]
[Round "8.56"]
[White "Caudrelier, Pierre"]
[Black "Roubaud, Brennan"]
[Result "1-0"]
[WhiteElo "1510"]
[BlackElo "1282"]
[PlyCount "59"]
[EventDate "2014.??.??"]
[Source "Sylvain Rivier"]
[SourceDate "2014.07.26"]

1. e4 e6 2. d4 d5 3. Nd2 c5 4. exd5 Qxd5 5. dxc5 Bxc5 6. Ngf3 Nf6 7. Bd3 O-O 8.
O-O Nc6 9. Nb3 Bb6 10. Re1 Kh8 11. Be3 Bxe3 12. Rxe3 Na5 13. Re5 Qd6 14. Nxa5
Ng4 15. Rh5 g6 16. Nc4 Qc7 17. Rh3 e5 18. Ng5 Nf6 19. Qf3 Qe7 20. Rh6 Kg7 21.
Qe3 Rh8 22. Qxe5 Qxe5 23. Nxe5 Kxh6 24. Ngxf7+ Kg7 25. Nxh8 Kxh8 26. f4 Nd5 27.
g3 Kg7 28. Kf2 Be6 29. a3 Rc8 30. Be4 {suite illisible} 1-0

[Event "22ème Open de Saint-Affrique"]
[Site "Saint Affrique (12)"]
[Date "2014.07.25"]
[Round "8.57"]
[White "Van Den Brande, Norman"]
[Black "Gachon, Maxence"]
[Result "0-1"]
[WhiteElo "1210"]
[BlackElo "1442"]
[PlyCount "84"]
[EventDate "2014.??.??"]
[Source "Sylvain Rivier"]
[SourceDate "2014.07.26"]

1. d4 e6 2. Bf4 d5 3. e3 c5 4. Bd3 Qb6 5. Nf3 Qxb2 6. Nbd2 c4 7. Be2 Nf6 8. O-O
Be7 9. a4 O-O 10. Rb1 Qc3 11. Ng5 Nc6 12. h3 Nb4 13. Rc1 Bd7 14. a5 Ba4 15. Bh5
Nxh5 16. Qxh5 Bxg5 17. Qxg5 Qxd2 18. Be5 f6 19. Bxf6 Rxf6 20. c3 Na6 21. Rb1
Rb8 22. Qe5 Qxc3 23. Rfc1 Qxa5 24. Ra1 Qb6 25. Rab1 Rf5 26. Qg3 Qc7 27. Qxc7
Nxc7 28. g4 Rg5 29. f4 Rg6 30. g5 a6 31. h4 h5 32. Rf1 Nb5 33. f5 exf5 34. Rxf5
Rd6 35. Kh1 g6 36. Rf4 Rf8 37. Rbf1 Rdd8 38. Kg1 Rxf4 39. Rxf4 Rf8 40. Rxf8+
Kxf8 41. Kf2 c3 42. Ke2 a5 0-1